Statistics for 10 Largest cities in New York

Click here to take the quiz!

General Stats

  • This quiz has been taken 20 times
  • The average score is 6 of 10

Answer Stats

Population City % Correct
8,175,133New York City
95%
261,310Buffalo
95%
97,856Albany
89%
210,565Rochester
84%
145,170Syracuse
79%
195,976Yonkers
74%
62,235Utica
53%
77,062New Rochelle
42%
66,135Schenectady
26%
67,292Mount Vernon
11%

Score Distribution

Percentile by Number Answered

Percent of People with Each Score

Your Score History

You have not taken this quiz